BIBLIOTECA

SENCICO

Topografía / (Registro nro. 512)

Detalles MARC
000 -LEADER
fixed length control field 01424nam a2200313Ia 4500
003 - CONTROL NUMBER IDENTIFIER
control field PE SENCICO BE
005 - DATE AND TIME OF LATEST TRANSACTION
control field 20251020182440.0
008 - FIXED-LENGTH DATA ELEMENTS--GENERAL INFORMATION
fixed length control field 200515s9999 xx 000 0 und d
020 ## - INTERNATIONAL STANDARD BOOK NUMBER
International Standard Book Number 978-958-8351-92-6
040 ## - CATALOGING SOURCE
Original cataloging agency PE SENCICO BE
Transcribing agency PE SENCICO BE
041 ## - LANGUAGE CODE
Language code of text/sound track or separate title spa
082 ## - DEWEY DECIMAL CLASSIFICATION NUMBER
Classification number 526.9
Item number P45
100 1# - MAIN ENTRY--PERSONAL NAME
Personal name Pérez López, Pablo Andrés
9 (RLIN) 3279
Relator term autor
245 10 - TITLE STATEMENT
Title Topografía /
Statement of responsibility, etc. Pablo Andrés Pérez López
250 ## - EDITION STATEMENT
Edition statement 1a ed.
260 ## - PUBLICATION, DISTRIBUTION, ETC.
Place of publication, distribution, etc. Medellín :
Name of publisher, distributor, etc. Instituto Tecnológico Metropolitano ;
Date of publication, distribution, etc. 2010
300 ## - PHYSICAL DESCRIPTION
Extent 357 páginas :
Other physical details ilustraciones, tablas, gráficos ;
Dimensions 23 cm.
490 ## - SERIES STATEMENT
Series statement Textos Académicos
505 0# - FORMATTED CONTENTS NOTE
Formatted contents note Introducción a la topografía -- Precisión y errores en topografía -- Planimetría -- Tipos de levantamientos topográficos - Instrumentos y usos comunes de las herramientas y equipos utilizados en planimetría -- Procesos iniciales para armas el equipo topográfico utilizado en planimetría -- Altimetría -- Áreas y volúmenes -- Particiones -- Topografía en vías
520 3# - SUMMARY, ETC.
Summary, etc. El texto comprende un conjunto de prácticas y técnicas tradicionales que se complementan con la utilización de tecnologías y procedimientos modernos.
650 10 - SUBJECT ADDED ENTRY--TOPICAL TERM
Topical term or geographic name entry element Topografía
9 (RLIN) 4
650 20 - SUBJECT ADDED ENTRY--TOPICAL TERM
Topical term or geographic name entry element Altimetría
9 (RLIN) 3228
650 20 - SUBJECT ADDED ENTRY--TOPICAL TERM
Topical term or geographic name entry element Fotogrametría
9 (RLIN) 120
650 20 - SUBJECT ADDED ENTRY--TOPICAL TERM
Topical term or geographic name entry element Geodesia
9 (RLIN) 2
650 20 - SUBJECT ADDED ENTRY--TOPICAL TERM
Topical term or geographic name entry element Planimetría
9 (RLIN) 1232
650 20 - SUBJECT ADDED ENTRY--TOPICAL TERM
Topical term or geographic name entry element Taquimetría
9 (RLIN) 912
650 20 - SUBJECT ADDED ENTRY--TOPICAL TERM
Topical term or geographic name entry element Geodesia
9 (RLIN) 2
942 ## - ADDED ENTRY ELEMENTS (KOHA)
Koha item type Libros
Source of classification or shelving scheme Dewey Decimal Classification
Existencias
Fecha de la última vez que lo usaron Número de ingreso o de inventario Pago total Signatura topográfica completa Código de barras Precio efectivo desde Tipo de documento Estado perdido Sistema de clasificación Estado dañado No es para préstamo Retirado Ubicación permanente Ubicación actual Fecha de adquisición
15/05/2020 15232   526.9/P45 BibLima25100001 15/05/2020 Libros   Dewey Decimal Classification       Biblioteca Central Lima Biblioteca Central Lima 15/05/2020